Statistics for Groups of animals #1

Click here to take the quiz!

General Stats

  • This quiz has been taken 34 times
  • The average score is 2 of 15

Answer Stats

HintAnswer% Correct
crowsmurder
76%
owlsparliament
60%
hegehogsprickle
28%
salmonleap
16%
pheasentsbouquet
8%
puffinscircus
8%
foxesskulk
8%
bagerscete
4%
kingfisherscrown
4%
deerleash
4%
duckspaddling
4%
sealsplump
4%
ottersromp
4%
seagulssquabble
4%
hares trip
4%

Score Distribution

Percentile by Number Answered

Percent of People with Each Score

Your Score History

You have not taken this quiz